| 000 | 00551nam a2200193Ia 4500 | ||
|---|---|---|---|
| 005 | 20230510111717.0 | ||
| 008 | 131103s9999 xx 000 0 und d | ||
| 040 | _aLoreto College | ||
| 041 | _aEnglish | ||
| 082 |
_aTAG 891.44 _bTAG-HAQ |
||
| 100 | _aHaque, Mohamad Ajijul | ||
| 245 |
_aRabidra-smaranay _cMohamad Ajijul Haque |
||
| 260 |
_aCalcutta _bUniversity of Calcutta _c1941 |
||
| 300 | _a34p | ||
| 650 | _aTagore, Rabindranath, 1861-1941- Criticism and Interpretation | ||
| 651 | _aBengali Literature | ||
| 850 | _aLCLIB | ||
| 942 | _cBK | ||
| 999 |
_c16967 _d67446 |
||